1008 1006 1292 1698 1200 1130 1673 1460 1947 1377 1280 1904 1707 1081 1072 1044 1714 1967 1063 1295 1788 1769 1694 1990 1635 1451 1697 1370 1656 1858 1876 1810 1954 1596 1441 1280 1316 1690 1277 1650 1046 1828 1456 1146 1650 1841 1906 1115 1428 1875 1602 1098 1203 1928 1467 1393 1678 1257 1418 1245 1407 1594 1737 1171 1420 1033 1202 1940 1919 1886 1444 1900 1499 1256 1560 1986 1588 1280 1288 1488 1498 1730 1653 1105 1537 1958 1269 1103 1013 1686 1861 1540 1250 1772 1272 1246 1782 1470 1646 BCNSPRNW ULIB Ver.6.0+V

เปลี่ยนเป็นภาษาไทย

Change to English
 แสดงรายละเอียดบรรณานุกรม
  กลับหน้าหลัก

Brief Record : Get Marc (ISO 2709) : E-mail record : QR code < ปิดหน้าต่าง
LEADER : 00000nam 2200000uu 4500
001    13399122975
003     ULIB
008    131118s2554||||th 000 0 tha d
020    ^a9789741115174
050  4 ^aDS414.2^bอ261ป
100 0  ^aอภิรัฐ คำวัง
245 10 ^aเปรม ปราณ ปัญจาบ =^bPrem Pran Punjab (The spirit of Punjab) /^cบันทึกการเดินทางกับภาคสนามอินเดียศึกษาในรัฐปัญจาบ อภิรัฐ คำวัง ; บรรณาธิการ โสภนา ศรีจำปา
246 31 ^aPrem Pran Punjab (The spirit of Punjab)
250    ^aพิมพ์ครั้งที่ 1
260    ^aนครปฐม :^bศูนย์ภารตะศึกษา สถาบันวิจัยภาษาและวัฒนธรรมเอเชีย มหาวิทยาลัยมหิดล,^c2554
300    ^a261 หน้า :^bภาพประกอบ (ภาพสีบางภาพ) ;^c22 ซม.
536    ^aร่วมสนับสนุนโดยชมรมไทยซิกข์อุปถัมภ์
651  4 ^aอินเดีย^xภูมิประเทศและการท่องเที่ยว
651  4 ^aอินเดีย^xความเป็นอยู่และประเพณี
700 0  ^aโสภนา ศรีจำปา,^eบรรณาธิการ
710 2  ^aมหาวิทยาลัยมหิดล. ^bสถาบันวิจัยภาษาและวัฒนธรรมเอเชีย. ^bศูนย์ภารตะศึกษา
710 2  ^aชมรมไทยซิกข์อุปถัมภ์
945    ^p0^l0^i034171
999    ^aเกษร โพธิ์สุวรรณ
รายการนี้ยังไม่มีแท็ก
คุณยังไม่ได้ล็อกอิน คุณสามารถมีกิจกรรมร่วมกับเว็บไซต์ได้ แต่ต้องล็อกอินก่อน ::
  ล็อกอิน

รายการสื่อสารสนเทศ

ลำดับที่ ประเภท เลขเรียก/บาร์โค้ด สถานที่ สถานะ
1. การศึกษาทั่วไป
การศึกษาทั่วไป
DS414.2 อ261ป  
  Barcode: 034171
ห้องสมุดวิทยาเขตสวรรค์ประชารักษ์
►หนังสือทั่วไป
บนชั้น

รายการใกล้เคียง
    ผู้แต่ง [อภิรัฐ คำวัง]

BibComment


ยังไม่เคยถูกคอมเมนท์

คอมเมนท์ทรัพยากรรายการนี้
  คอมเมนท์: เปรม ปราณ ปัญจาบ..


 Copyright 2026. Bcnsprnw @Library